Mozart's piano concertos /

Bibliographic Details
Main Author: Irving, John, 1959-
Format: Book
Language:English
Published: Aldershot, Hants, England ; Burlington, VT : Ashgate, [2003]
Subjects:

MARC

Tag First Indicator Second Indicator Subfields
LEADER 00000cam a22000004a 4500
001 in00001738721
005 20151024211323.0
008 020214s2003 enka b 001 0deng
010 |a  2002023246 
015 |a GBA3-15975 
019 |a 51669437 
020 |a 0754607070 (alk. paper) 
035 |a (OCoLC)ocm49226154 
040 |a DLC  |c DLC  |d UKM  |d TXA  |d UtOrBLW 
042 |a pcc 
049 |a TXAM 
050 0 0 |a ML410.M9  |b I738 2003 
082 0 0 |a 784.2/62/092  |2 21 
100 1 |a Irving, John,  |d 1959- 
245 1 0 |a Mozart's piano concertos /  |c John Irving. 
264 1 |a Aldershot, Hants, England ;  |a Burlington, VT :  |b Ashgate,  |c [2003] 
264 4 |c ©2003 
300 |a xx, 274 pages :  |b illustrations ;  |c 25 cm. 
336 |a text  |b txt  |2 rdacontent 
337 |a unmediated  |b n  |2 rdamedia 
338 |a volume  |b nc  |2 rdacarrier 
504 |a Includes bibliographical references (pages [252]-270) and index. 
600 1 0 |a Mozart, Wolfgang Amadeus,  |d 1756-1791.  |t Concertos,  |m piano, orchestra. 
650 0 |a Concertos (Piano)  |x History and criticism. 
948 |a cataloged  |b h  |c 2003/4/30  |d c  |e ceaton  |f 11:11:27 am 
994 |a E0  |b TXA 
999 |a MARS 
999 f f |s 64646a5a-d8ae-3a05-bff8-52c61b22f441  |i 2db081a5-34a9-3f2a-97fa-0df7528d468d  |t 0 
952 f f |p ric  |a Texas A&M University  |b Rellis Campus  |c Joint Library Facility  |d Remote Storage  |t 0  |e ML410.M9 I738 2003  |h Library of Congress classification  |i unmediated -- volume  |m A14830093771 
998 f f |a ML410.M9 I738 2003  |t 0  |l Remote Storage